000 00306nam a22001217a 4500
008 230620b xxu||||| |||| 00| 0 eng d
020 _a3930163969
082 _a321.8
_bTHE 1995
245 _aPolitical Parties in Democarcy
260 _bKonrad- Adenauer- Stiftung
_c1995
300 _a482p
942 _2ddc
_cBK
999 _c1833
_d1833